Cement-bonded wood particleboard with a mixture of eucalypt and rubberwood (Record no. 47953)

MARC details
000 -LEADER
fixed length control field 00643nam a2200229Ia 4500
100 ## - MAIN ENTRY--AUTHOR NAME
Personal name Okino E Y A
245 #0 - TITLE STATEMENT
Title Cement-bonded wood particleboard with a mixture of eucalypt and rubberwood
260 ## - PUBLICATION, DISTRIBUTION, ETC. (IMPRINT)
Name of publisher Cement and Concrete Composites
Year of publication 2004
300 ## - PHYSICAL DESCRIPTION
Number of Pages 729-734
500 ## - GENERAL NOTE
General note from net
650 ## - SUBJECT ADDED ENTRY--TOPICAL TERM
Topical Term Biodegradation
650 ## - SUBJECT ADDED ENTRY--TOPICAL TERM
Topical Term Inorganic-bonded particleboard
650 ## - SUBJECT ADDED ENTRY--TOPICAL TERM
Topical Term White and brown rotters
650 ## - SUBJECT ADDED ENTRY--TOPICAL TERM
Topical Term Wood properties
700 ## - ADDED ENTRY--PERSONAL NAME
Personal name Alves M V S
700 ## - ADDED ENTRY--PERSONAL NAME
Personal name de Sousa M E
700 ## - ADDED ENTRY--PERSONAL NAME
Personal name de Souza M R
700 ## - ADDED ENTRY--PERSONAL NAME
Personal name Santana M A E
700 ## - ADDED ENTRY--PERSONAL NAME
Personal name Teixeira D E
942 ## - ADDED ENTRY ELEMENTS (KOHA)
Koha item type Bibliography RLWO
Holdings
Withdrawn status Lost status Damaged status Not for loan Home library Current library Date acquired Serial Enumeration / chronology Koha item type
      Bibliography RRII Library RRII Library 31/12/2021 Volume 26, Issue Bibliography RLWO